header

The language of early childhood (Record no. 40559)

MARC details
000 -LEADER
fixed length control field 01459nam a2200361Ia 4500
082 04 - DEWEY DECIMAL CLASSIFICATION NUMBER
Classification number 401/.93
100 1# - MAIN ENTRY--AUTHOR NAME
Personal name Halliday, M. A. K.
245 14 - TITLE STATEMENT
Title The language of early childhood
260 ## - PUBLICATION, DISTRIBUTION, ETC. (IMPRINT)
Place of publication London ;
-- New York :
Name of publisher Continuum,
Year of publication 2004.
300 ## - PHYSICAL DESCRIPTION
Number of Pages xiii, 415 p. :
Other physical details ill.
490 1# - SERIES STATEMENT
Series statement Collected works of M.A.K. Halliday ;
650 #0 - SUBJECT ADDED ENTRY--TOPICAL TERM
Topical Term Language acquisition.
Topical Term Psycholinguistics.
700 1# - ADDED ENTRY--PERSONAL NAME
Personal name Webster, Jonathan,
856 40 - ELECTRONIC LOCATION AND ACCESS
Uniform Resource Identifier http://site.ebrary.com/lib/rucke/Doc?id=10224773

No items available.

© 2026 Rongo University
Contact us: librarian | system librarian | Rongo university